<A> Short Guide to Business Writing
Salvato in:
| Autore principale: | |
|---|---|
| Altri autori: | , |
| Natura: | Libro |
| Lingua: | inglese |
| Pubblicazione: |
Englewood Cliffs
Prentice Hall
1995
|
| Edizione: | 1. ed. |
| Soggetti: | |
| Tags: |
Nessun Tag, puoi essere il primo ad aggiungerne!!
|
MARC
| LEADER | 00000nam a2200000 4500 | ||
|---|---|---|---|
| 001 | c014243 | ||
| 005 | 20221214072750.3 | ||
| 020 | |a 0-13-124728-X | ||
| 041 | 0 | |a eng | |
| 044 | |a US | ||
| 245 | 1 | 0 | |a <A> Short Guide to Business Writing |c Harry J. Bruce, Russel K. Hirst, Michael L. Keene |
| 250 | |a 1. ed. | ||
| 264 | 1 | |a Englewood Cliffs |b Prentice Hall |c 1995 | |
| 300 | |a 224 s. | ||
| 610 | 2 | 0 | |a písmo |
| 610 | 2 | 0 | |a obchod |
| 610 | 2 | 0 | |a podnikanie |
| 100 | 1 | |a Bruce, Harry J. | |
| 700 | 1 | |a Hirst, Russel K. | |
| 700 | 1 | |a Keene, Michael L. | |